Marketing Research

Saved in:
Bibliographic Details
Main Author: Kress, George
Format: Book
Language:English
Published: Englewood Cliffs Prentice-Hall 1988
Edition:3. ed.
Tags: Add Tag
No Tags, Be the first to tag this record!

MARC

LEADER 00000nam a2200000 4500
001 c028368
005 20221219120220.4
041 0 |a eng 
044 |a US 
245 1 0 |a Marketing Research  |c George Kress 
250 |a 3. ed. 
264 1 |a Englewood Cliffs  |b Prentice-Hall  |c 1988 
300 |a 380 s. 
100 1 |a Kress, George